Statistics for Countries bordering Countries using the Imperial System

Click here to take the quiz!

General Stats

  • This quiz has been taken 14 times
  • The average score is 10 of 13

Answer Stats

Answer% Correct
Canada
100%
Mexico
100%
Bangladesh
83%
China
83%
Myanmar
83%
United States of America
83%
India
75%
Laos
75%
Thailand
75%
Guinea
67%
Liberia
67%
Sierra Leone
67%
Côte d’Ivoire
58%

Score Distribution

Percentile by Number Answered

Percent of People with Each Score

Your Score History

You have not taken this quiz